| 000 | 00571nam a22002057a 4500 | ||
|---|---|---|---|
| 003 | OSt | ||
| 005 | 20140310183130.0 | ||
| 008 | 130531t xxu||||| |||| 00| 0 eng d | ||
| 020 | _a9789719900726 | ||
| 050 |
_aPL 6061 _b.B333 2011 |
||
| 082 |
_aFIL 808.0427 _bB328 2011 |
||
| 245 |
_aSayusay : _bsining ng mabisang pagpapagayag / |
||
| 260 |
_aQuezon City, Philippines : _bC & E Pub, _c2011. |
||
| 300 |
_ax, 209 p. : _bill. ; _c25 cm. |
||
| 521 | _acollege students | ||
| 526 | _c1210L-1700L | ||
| 541 | _j1 | ||
| 562 | _e1 | ||
| 942 |
_2lcc _cBK _kFIL |
||
| 999 |
_c19118 _d19118 |
||